| 000 | 00487nam a2200205Ia 4500 | ||
|---|---|---|---|
| 005 | 20240823013554.0 | ||
| 008 | 240823s9999||||xx |||||||||||||| ||und|| | ||
| 020 | _a81-7812-000-3 | ||
| 041 | _aENGLISH | ||
| 082 | _A808.856 | ||
| 100 | _aSharma R C | ||
| 245 | 0 | _aEnglish Conversation for Middle Classes | |
| 250 | _a1st | ||
| 260 |
_b"Ramesh,Pub " _aNew Delhi |
||
| 500 | _aYES | ||
| 650 |
_aConversation _bEnglish |
||
| 700 | _a Kumar A Ed. | ||
| 942 | _cBK | ||
| 999 |
_c167614 _d167614 |
||